ZTM Gdańsk - 112 - Statystyki

Ogólne statystyki
  • Ten quiz został rozwiązany 33 razy
  • Średni wynik to 25 z 44
Statystyki odpowiedzi
Miejscowość Ulica Przystanek % Poprawnych
Gdańsk Wały Jagiellońskie Brama Wyżynna
95%
Gdańsk Podwale Przedmiejskie Żabi Kruk
95%
Gdańsk Podwale Przedmiejskie Chmielna
90%
Gdańsk Podwale Grodzkie Dworzec Główny
90%
Gdańsk Wały Piastowskie Wały Piastowskie
90%
Gdańsk Podwale Przedmiejskie Akademia Muzyczna
85%
Gdańsk Elbląska Węzeł Elbląska
75%
Gdańsk Podwale Przedmiejskie Brama Żuławska
70%
Przejazdowo Główna Makro
70%
Gdańsk Przegalińska Przegalina
70%
Gdańsk Armii Krajowej Śródmieście SKM
70%
Gdańsk Elbląska Miałki Szlak
65%
Gdańsk Elbląska Michałki
65%
Gdańsk Elbląska Mostek
65%
Gdańsk Elbląska Rafineria
65%
Gdańsk Turystyczna Sobieszewo
65%
Gdańsk Elbląska Tarcice
65%
Wiślinka Sobieszewska Szkoła
60%
Przejazdowo Główna Hotel
55%
Przejazdowo Klonowa Łąkowa
55%
Wiślinka Sobieszewska Piaskowa
55%
Gdańsk Świbnieńska Przystań
55%
Gdańsk Turystyczna Turystyczna
55%
Gdańsk Elbląska Błonia
50%
Gdańsk Turystyczna Falowa
50%
Gdańsk Przegalińska Przegalińska
50%
Przejazdowo Główna Sezonowa
50%
Gdańsk Boguckiego Boguckiego
45%
Gdańsk Turystyczna Forsycji
45%
Bogatka droga bez nazwy I
45%
Bogatka droga bez nazwy II
45%
Bogatka droga bez nazwy III
45%
Gdańsk Turystyczna Pole Namiotowe
45%
Gdańsk Świbnieńska Świbnieńska I
45%
Gdańsk Świbnieńska Świbnieńska Ii
45%
Gdańsk Turystyczna Kanałowa
40%
Gdańsk Świbnieńska Świbnieńska III
40%
Gdańsk Boguckiego Kempingowa
35%
Gdańsk Boguckiego Trałowa Szkoła
35%
Gdańsk Boguckiego Węgorzowa
35%
Gdańsk Boguckiego Kwiatowa
30%
Gdańsk Turystyczna Lazurowa
25%
Gdańsk Turystyczna Orlinki
25%
Gdańsk Świbnieńska Uzdrowiskowa
25%
Nie znaleziono quizów pasujących do podanych kryteriów
Rozkład punktacji
Procent ludzi z każdym wynikiem
Percentyl według liczby udzielonych odpowiedzi
Twoja historia wyników
Nie rozwiązałeś tego quizu